00000000nam##2200000za#4500
0019.643094
003CaOODSP
00520210624224017
007cr |||||||||||
008150407|2003||||xxc|||||o    f|0| 0 fre|d
040 |aCaOODSP|bfre
043 |an-cn---
0861 |aEn4-245/2003F-PDF
1101 |aCanada.|bEnvironnement Canada. |bRégion de l'Atlantique.
24510|aInitiative réseaux scientifiques du PALA : |h[ressource électronique]|bun bon investissement dans les sciences et la communauté, 1997-2002 / |cétabli par Suzie Dech.
260 |aOttawa - Ontario : |bEnvironnement Canada. |cDécembre 2002.
300 |a23p.|btableaux, photographies
590 |a14-21-Supp|b2014-12-11
69107|aÉcosystème|2gcpds
69107|aRecherche scientifique|2gcpds
77508|tACAP's Science Linkages Initiative : |w(CaOODSP)9.699071
85640|ahttp://publications.gc.ca|qPDF|s188 Ko|uhttps://publications.gc.ca/collections/collection_2014/ec/En4-245-2003-fra.pdf